<?xml version="1.0" encoding="UTF-8"?>
<record
    xmlns:xsi="http://www.w3.org/2001/XMLSchema-instance"
    xsi:schemaLocation="http://www.loc.gov/MARC21/slim http://www.loc.gov/standards/marcxml/schema/MARC21slim.xsd"
    xmlns="http://www.loc.gov/MARC21/slim">

  <leader>01700nac a22003371i 4500</leader>
  <controlfield tag="003">EG-ScBUE</controlfield>
  <controlfield tag="005">20240104104402.0</controlfield>
  <controlfield tag="008">090318m19962004ua     f b   000 0  ara d</controlfield>
  <datafield tag="020" ind1=" " ind2=" ">
    <subfield code="a">9770903604 (&#x627;&#x644;&#x643;&#x62A;&#x627;&#x628; &#x627;&#x644;&#x62B;&#x627;&#x644;&#x62B;)</subfield>
  </datafield>
  <datafield tag="020" ind1=" " ind2=" ">
    <subfield code="a">9770903302 (&#x627;&#x644;&#x643;&#x62A;&#x627;&#x628; &#x627;&#x644;&#x623;&#x648;&#x644;)</subfield>
  </datafield>
  <datafield tag="020" ind1=" " ind2=" ">
    <subfield code="a">9770903337 (&#x627;&#x644;&#x643;&#x62A;&#x627;&#x628; &#x627;&#x644;&#x62B;&#x627;&#x646;&#x64A;)</subfield>
  </datafield>
  <datafield tag="040" ind1=" " ind2=" ">
    <subfield code="a">EG-ScBUE</subfield>
    <subfield code="b">ara</subfield>
    <subfield code="e">rda</subfield>
    <subfield code="c">EG-ScBUE</subfield>
    <subfield code="d">EG-ScBUE</subfield>
  </datafield>
  <datafield tag="082" ind1="0" ind2="4">
    <subfield code="a">956.94</subfield>
    <subfield code="b">&#x647;&#x640; &#x64A; &#x643;</subfield>
    <subfield code="2">22</subfield>
  </datafield>
  <datafield tag="100" ind1="1" ind2=" ">
    <subfield code="a">&#x202A;&#x647;&#x64A;&#x643;&#x644;&#x60C; &#x645;&#x62D;&#x645;&#x62F; &#x62D;&#x633;&#x646;&#x64A;&#x646;&#x60C;</subfield>
    <subfield code="d">1923-2016&#x60C;</subfield>
    <subfield code="e">&#x645;&#x624;&#x644;&#x641;.</subfield>
  </datafield>
  <datafield tag="245" ind1="1" ind2="2">
    <subfield code="a">&#x627;&#x644;&#x645;&#x641;&#x627;&#x648;&#x636;&#x627;&#x62A; &#x627;&#x644;&#x633;&#x631;&#x64A;&#x629; &#x628;&#x64A;&#x646; &#x627;&#x644;&#x639;&#x631;&#x628; &#x648;&#x625;&#x633;&#x631;&#x627;&#x626;&#x64A;&#x644; /  </subfield>
    <subfield code="c">&#x645;&#x62D;&#x645;&#x62F; &#x62D;&#x633;&#x646;&#x64A;&#x646; &#x647;&#x64A;&#x643;&#x644;.</subfield>
  </datafield>
  <datafield tag="250" ind1=" " ind2=" ">
    <subfield code="a">&#x627;&#x644;&#x637;&#x628;&#x639;&#x629; &#x627;&#x644;&#x62D;&#x627;&#x62F;&#x64A;&#x629; &#x639;&#x634;&#x631;&#x629;.</subfield>
  </datafield>
  <datafield tag="264" ind1=" " ind2="1">
    <subfield code="a">&#x627;&#x644;&#x642;&#x627;&#x647;&#x631;&#x629; :</subfield>
    <subfield code="b">&#x62F;&#x627;&#x631; &#x627;&#x644;&#x634;&#x631;&#x648;&#x642;&#x60C;</subfield>
    <subfield code="c">2004.</subfield>
  </datafield>
  <datafield tag="300" ind1=" " ind2=" ">
    <subfield code="a">3 &#x645;&#x62C;&#x644;&#x62F;&#x627;&#x62A; &#x61B;</subfield>
    <subfield code="c">24 &#x633;&#x645;</subfield>
  </datafield>
  <datafield tag="336" ind1=" " ind2=" ">
    <subfield code="2">rdacontent</subfield>
    <subfield code="a">&#x646;&#x635;</subfield>
    <subfield code="b">txt</subfield>
  </datafield>
  <datafield tag="337" ind1=" " ind2=" ">
    <subfield code="2">rdamedia</subfield>
    <subfield code="a">&#x628;&#x62F;&#x648;&#x646; &#x648;&#x633;&#x64A;&#x637;</subfield>
    <subfield code="b">n</subfield>
  </datafield>
  <datafield tag="338" ind1=" " ind2=" ">
    <subfield code="2">rdacarrier</subfield>
    <subfield code="a">&#x645;&#x62C;&#x644;&#x62F;</subfield>
    <subfield code="b">nc</subfield>
  </datafield>
  <datafield tag="504" ind1=" " ind2=" ">
    <subfield code="a">&#x64A;&#x634;&#x62A;&#x645;&#x644; &#x639;&#x644;&#x649; &#x625;&#x631;&#x62C;&#x627;&#x639;&#x627;&#x62A; &#x628;&#x628;&#x644;&#x64A;&#x648;&#x62C;&#x631;&#x627;&#x641;&#x64A;&#x629;.</subfield>
  </datafield>
  <datafield tag="505" ind1="0" ind2=" ">
    <subfield code="a">&#x627;&#x644;&#x643;&#x62A;&#x627;&#x628; &#x627;&#x644;&#x623;&#x648;&#x644;&#x60C; &#x627;&#x644;&#x623;&#x633;&#x637;&#x648;&#x631;&#x629; &#x648;&#x627;&#x644;&#x625;&#x645;&#x628;&#x631;&#x627;&#x637;&#x648;&#x631;&#x64A;&#x629; &#x648;&#x627;&#x644;&#x62F;&#x648;&#x644;&#x629; &#x627;&#x644;&#x64A;&#x647;&#x648;&#x62F;&#x64A;&#x629; -- &#x627;&#x644;&#x643;&#x62A;&#x627;&#x628; &#x627;&#x644;&#x62B;&#x627;&#x646;&#x64A;&#x60C; &#x639;&#x648;&#x627;&#x635;&#x641; &#x627;&#x644;&#x62D;&#x631;&#x628; &#x648; &#x639;&#x648;&#x627;&#x635;&#x641; &#x627;&#x644;&#x633;&#x644;&#x627;&#x645; &#x644;&#x645;&#x627;&#x630;&#x627; &#x644;&#x645; &#x64A;&#x641;&#x627;&#x648;&#x636; &#x62C;&#x645;&#x627;&#x644; &#x639;&#x628;&#x62F; &#x627;&#x644;&#x646;&#x627;&#x635;&#x631; &#x61F; : &#x643;&#x64A;&#x641; &#x641;&#x627;&#x648;&#x636; &#x623;&#x646;&#x648;&#x631; &#x627;&#x644;&#x633;&#x627;&#x62F;&#x627;&#x62A;  -- &#x627;&#x644;&#x643;&#x62A;&#x627;&#x628; &#x627;&#x644;&#x62B;&#x627;&#x644;&#x62B;&#x60C; &#x633;&#x644;&#x627;&#x645; &#x627;&#x644;&#x623;&#x648;&#x647;&#x627;&#x645; : &#x623;&#x648;&#x633;&#x644;&#x648; - &#x645;&#x627;&#x642;&#x628;&#x644;&#x647;&#x627; &#x648;&#x645;&#x627; &#x628;&#x639;&#x62F;&#x647;&#x627;</subfield>
  </datafield>
  <datafield tag="650" ind1=" " ind2="7">
    <subfield code="a">&#x627;&#x644;&#x64A;&#x647;&#x648;&#x62F;.</subfield>
    <subfield code="2">BUEsh</subfield>
    <subfield code="9">13691</subfield>
  </datafield>
  <datafield tag="650" ind1=" " ind2="7">
    <subfield code="a">&#x627;&#x644;&#x62D;&#x631;&#x628; &#x648;&#x627;&#x644;&#x633;&#x644;&#x627;&#x645;.</subfield>
    <subfield code="2">BUEsh</subfield>
    <subfield code="9">22210</subfield>
  </datafield>
  <datafield tag="650" ind1=" " ind2="7">
    <subfield code="a">&#x202A;&#x627;&#x644;&#x627;&#x646;&#x62A;&#x641;&#x627;&#x636;&#x629; &#x627;&#x644;&#x641;&#x644;&#x633;&#x637;&#x64A;&#x646;&#x64A;&#x629;.</subfield>
    <subfield code="2">BUEsh</subfield>
  </datafield>
  <datafield tag="650" ind1=" " ind2="7">
    <subfield code="a">&#x202A;&#x627;&#x644;&#x646;&#x632;&#x627;&#x639; &#x627;&#x644;&#x639;&#x631;&#x628;&#x64A; &#x627;&#x644;&#x625;&#x633;&#x631;&#x627;&#x626;&#x64A;&#x644;&#x64A;.</subfield>
    <subfield code="2">BUEsh</subfield>
  </datafield>
  <datafield tag="653" ind1=" " ind2=" ">
    <subfield code="b">BUSBOL</subfield>
    <subfield code="c">October2020</subfield>
  </datafield>
  <datafield tag="655" ind1=" " ind2=" ">
    <subfield code="v">Reading book</subfield>
  </datafield>
  <datafield tag="942" ind1=" " ind2=" ">
    <subfield code="c">BB</subfield>
    <subfield code="2">ddc</subfield>
  </datafield>
  <datafield tag="999" ind1=" " ind2=" ">
    <subfield code="c">3786</subfield>
    <subfield code="d">3786</subfield>
  </datafield>
  <datafield tag="952" ind1=" " ind2=" ">
    <subfield code="0">0</subfield>
    <subfield code="1">0</subfield>
    <subfield code="2">ddc</subfield>
    <subfield code="4">0</subfield>
    <subfield code="7">0</subfield>
    <subfield code="8">Donation-G</subfield>
    <subfield code="a">MAIN</subfield>
    <subfield code="b">MAIN</subfield>
    <subfield code="c">2ND</subfield>
    <subfield code="d">2010-06-28</subfield>
    <subfield code="e">Donation</subfield>
    <subfield code="g">35.00</subfield>
    <subfield code="o">956.94 &#x647;&#x640; &#x64A; &#x643;</subfield>
    <subfield code="p">000030617</subfield>
    <subfield code="r">2025-07-15 00:00:00</subfield>
    <subfield code="s">2017-04-26</subfield>
    <subfield code="v">43.75</subfield>
    <subfield code="y">BB</subfield>
    <subfield code="z">&#x627;&#x644;&#x643;&#x62A;&#x627;&#x628; &#x627;&#x644;&#x62B;&#x627;&#x644;&#x62A;</subfield>
  </datafield>
  <datafield tag="952" ind1=" " ind2=" ">
    <subfield code="0">0</subfield>
    <subfield code="1">0</subfield>
    <subfield code="2">ddc</subfield>
    <subfield code="4">0</subfield>
    <subfield code="7">0</subfield>
    <subfield code="8">Donation-G</subfield>
    <subfield code="a">MAIN</subfield>
    <subfield code="b">MAIN</subfield>
    <subfield code="c">2ND</subfield>
    <subfield code="d">2010-06-28</subfield>
    <subfield code="e">Donation</subfield>
    <subfield code="o">956.94 &#x647;&#x640; &#x64A; &#x643;</subfield>
    <subfield code="p">000021060</subfield>
    <subfield code="r">2025-07-15 00:00:00</subfield>
    <subfield code="s">2021-06-22</subfield>
    <subfield code="y">BB</subfield>
    <subfield code="z">&#x627;&#x644;&#x643;&#x62A;&#x627;&#x628; &#x627;&#x644;&#x627;&#x648;&#x644;</subfield>
  </datafield>
  <datafield tag="952" ind1=" " ind2=" ">
    <subfield code="0">0</subfield>
    <subfield code="1">0</subfield>
    <subfield code="2">ddc</subfield>
    <subfield code="4">0</subfield>
    <subfield code="7">0</subfield>
    <subfield code="8">Baccah</subfield>
    <subfield code="a">MAIN</subfield>
    <subfield code="b">MAIN</subfield>
    <subfield code="c">2ND</subfield>
    <subfield code="d">2020-10-20</subfield>
    <subfield code="e">Purchase</subfield>
    <subfield code="o">956.94 &#x647;&#x640; &#x64A; &#x643;</subfield>
    <subfield code="p">000050003</subfield>
    <subfield code="r">2025-07-15 00:00:00</subfield>
    <subfield code="s">2024-04-27</subfield>
    <subfield code="y">BB</subfield>
    <subfield code="z">&#x627;&#x644;&#x643;&#x62A;&#x627;&#x628; &#x627;&#x644;&#x62B;&#x627;&#x646;&#x64A;</subfield>
  </datafield>
  <datafield tag="952" ind1=" " ind2=" ">
    <subfield code="0">0</subfield>
    <subfield code="1">0</subfield>
    <subfield code="2">ddc</subfield>
    <subfield code="4">0</subfield>
    <subfield code="7">0</subfield>
    <subfield code="8">Donation-G</subfield>
    <subfield code="a">MAIN</subfield>
    <subfield code="b">MAIN</subfield>
    <subfield code="c">2ND</subfield>
    <subfield code="d">2021-09-23</subfield>
    <subfield code="e">Donation</subfield>
    <subfield code="o">956.94 &#x647;&#x640; &#x64A; &#x643;</subfield>
    <subfield code="p">000050761</subfield>
    <subfield code="r">2025-07-15 00:00:00</subfield>
    <subfield code="s">2024-02-11</subfield>
    <subfield code="y">BB</subfield>
    <subfield code="z">&#x627;&#x644;&#x643;&#x62A;&#x627;&#x628; &#x627;&#x644;&#x623;&#x648;&#x644;</subfield>
  </datafield>
</record>
